Historical World Leader Statues Quiz Stats

 Plays Quiz Updated Apr 26, 2015

Challenge
Share
Tweet
Score 0/22 Timer 07:00
5 Plays Today
% Correct
Abraham Lincoln
99.7%
Winston Churchill
97.1%
Nelson Mandela
90.1%
Napoléon I
84.8%
Queen Victoria
84.3%
Mao Zedong
82.9%
Vladimir Lenin
82.8%
Pope John Paul II
79.8%
George Washington
79.5%
Saddam Hussein
78.8%
Franklin D. Roosevelt
77.8%
% Correct
Kim Il Sung and Kim Jong Il
77%
Alexander III the Great
76.6%
Ho Chi Minh
70.1%
Genghis Khan
68.6%
Cleopatra VII
62.4%
Simón Bolívar
61.9%
Augustus
61.8%
Otto von Bismarck
49.5%
Mustafa Kemal Atatürk
44.6%
Chiang Kai-shek
26.3%
John A. Macdonald
11.7%

You're not logged in!

Compare scores with friends on all Sporcle quizzes.
OR
Log In

You Might Also Like...

Show Comments

Extras

Top Quizzes Today


Score Distribution

Your Account Isn't Verified!

In order to create a playlist on Sporcle, you need to verify the email address you used during registration. Go to your Sporcle Settings to finish the process.

Report this User

Report this user for behavior that violates our Community Guidelines.

Details: